<?xml version="1.0" encoding="UTF-8"?>
<marc:record xmlns:marc="http://www.loc.gov/MARC21/slim">
   <marc:leader>00000nam a2200000 a 4500</marc:leader>
   <marc:datafield ind1="1" ind2=" " tag="100">
      <marc:subfield code="a">Baumgartner, Gerhard</marc:subfield>
      <marc:subfield code="4">aut</marc:subfield>
      <marc:subfield code="e">Verfasser/-in</marc:subfield>
   </marc:datafield>
   <marc:datafield ind1="1" ind2=" " tag="100">
      <marc:subfield code="a">Brettl, Herbert</marc:subfield>
      <marc:subfield code="4">aut</marc:subfield>
      <marc:subfield code="e">Verfasser/-in</marc:subfield>
   </marc:datafield>
   <marc:datafield ind1=" " ind2=" " tag="653">
      <marc:subfield code="a">burgenländischer Autor</marc:subfield>
   </marc:datafield>
   <marc:datafield ind1=" " ind2=" " tag="653">
      <marc:subfield code="a">Burgenländische Geschichte</marc:subfield>
   </marc:datafield>
   <marc:datafield ind1=" " ind2=" " tag="653">
      <marc:subfield code="a">Roma, Sinti Vertreibung</marc:subfield>
   </marc:datafield>
   <marc:datafield ind1=" " ind2=" " tag="653">
      <marc:subfield code="a">Nationalsozialismus</marc:subfield>
   </marc:datafield>
   <marc:datafield ind1="0" ind2="0" tag="245">
      <marc:subfield code="a">"Einfach weg!"</marc:subfield>
   </marc:datafield>
   <marc:datafield ind1="0" ind2="0" tag="245">
      <marc:subfield code="b">Verschwundene Romasiedlungen im Burgenland</marc:subfield>
   </marc:datafield>
   <marc:datafield ind1="0" ind2="0" tag="245">
      <marc:subfield code="c">Baumgartner, Gerhard</marc:subfield>
   </marc:datafield>
   <marc:datafield ind1=" " ind2="1" tag="264">
      <marc:subfield code="a">Wien</marc:subfield>
      <marc:subfield code="b">new academic press</marc:subfield>
      <marc:subfield code="c">2020</marc:subfield>
   </marc:datafield>
   <marc:datafield ind1="1" ind2=" " tag="520">
      <marc:subfield code="a">Angaben aus der Verlagsmeldung &#xD;
&#xD;
 &#xD;
&#xD;
  Einfach weg! : Verschwundene Romasiedlungen im Burgenland / von Gerhard Baumgartner, Herbert Brettl &#xD;
&#xD;
 &#xD;
Das Buch Einfach weg! - Verschwundene Romasiedlungen im Burgenland ist die neueste Publikation von Gerhard Baumgartner und Herbert Brettl. Bis zu ihrer Zerstörung durch die Nationalsozialisten bestanden auf dem Gebiet des Burgenlandes über 120 Roma-Siedlungen, deren historische Wurzeln in zahlreichen Fällen bis ins 18. Jahrhundert zurückreichen. Nur einige wenige dieser Siedlungen bestehen heute noch. Im Rahmen dieses Buchprojektes wurden zahlreiche historische Bilddokumente und archivarische Quellen zusammengetragen, um die Gründung und Existenz dieser Siedlungen, das Schicksal ihrer BewohnerInnen, insbesondere die Verfolgung und Zerstörung zwischen 1938 - 1945 und die Situation in der Nachkriegszeit zu dokumentieren.</marc:subfield>
   </marc:datafield>
   <marc:datafield ind1=" " ind2=" " tag="020">
      <marc:subfield code="a">9783700321873</marc:subfield>
      <marc:subfield code="9">9783700321873</marc:subfield>
   </marc:datafield>
   <marc:datafield ind1=" " ind2=" " tag="020">
      <marc:subfield code="a">3700321872</marc:subfield>
      <marc:subfield code="9">3700321872</marc:subfield>
   </marc:datafield>
   <marc:datafield ind1=" " ind2=" " tag="041">
      <marc:subfield code="a">ger</marc:subfield>
   </marc:datafield>
   <marc:datafield ind1=" " ind2=" " tag="300">
      <marc:subfield code="b">zahlr. Ill.</marc:subfield>
   </marc:datafield>
   <marc:datafield ind1=" " ind2=" " tag="338">
      <marc:subfield code="a">Band</marc:subfield>
   </marc:datafield>
   <marc:datafield ind1=" " ind2=" " tag="300">
      <marc:subfield code="a">414 S.</marc:subfield>
   </marc:datafield>
</marc:record>
